000
00200 a2200097 4500
001
55729
100
_a
245
_a
Firdus-e-Baren
260
_a
Lahore
_b
Feroz Sons Ltd
_c
2003
090
_c
34618
_d
34618
942
_a
NUST-CAE
_c
_c
27356
999
_c
290802
_d
290802